| 000 | 01315nam a2200373 a 4500 | ||
|---|---|---|---|
| 001 | 1165477 | ||
| 003 | OSt | ||
| 005 | 20140310182744.0 | ||
| 008 | 960606s1996 lau b 000 0 eng d | ||
| 010 | _a 96060585 | ||
| 020 | _a1563841215 | ||
| 035 | _a(OCoLC)35768012 | ||
| 040 |
_aLLafL _cLLafL _dDLC |
||
| 042 | _alccopycat | ||
| 050 | 0 | 0 |
_aRJ 506 _b.L24 1996 |
| 082 | 0 | 0 |
_aM 616.85 _bL21 1996 |
| 100 | 1 | _aLamson, Theresa. | |
| 245 | 1 | 0 |
_aADD : _bthe facts, the fables, hope for your family / _cLamson, Theresa |
| 246 | 3 | _aAttention Deficit Disorder | |
| 260 |
_aLafayette, Louisiana : _bVital Issues Press, _cc1996. |
||
| 300 |
_axiii, 193 p. ; _c22 cm. |
||
| 504 | _aIncludes bibliographical references (p. 185-188). | ||
| 521 | _aCollege Students | ||
| 526 | _c1210L to 1700L | ||
| 541 | _j1 | ||
| 562 | _e1 | ||
| 650 | 0 | _aAttention-deficit hyperactivity disorder. | |
| 650 | 0 | _aAttention-deficit disorder in adults. | |
| 650 | 0 |
_aAttention-deficit hyperactivity disorder _xReligious aspects _xChristianity. |
|
| 650 | 0 |
_aAttention-deficit disorder in adults _xReligious aspects _xChristianity. |
|
| 906 |
_a7 _bcbc _ccopycat _d2 _eopcn _f19 _gy-gencatlg |
||
| 942 |
_2lcc _cBK _kM |
||
| 999 |
_c15627 _d15627 |
||